| 000 | 00590nam a2200205 i 4500 | ||
|---|---|---|---|
| 001 | bg | ||
| 100 | 1 | _aGrzegorzewski, Wiktor. | |
| 245 | 1 | 0 |
_aKatastrofy i awarie konstrukcji budowlanych / _cW. Grzegorzewski, T. Jarosz. |
| 260 |
_aWarszawa : _bCOIB, _c1977. |
||
| 490 | 0 | _aProblematyka Budownictwa | |
| 650 | 9 | _aKatastrofy budowlane | |
| 650 | 9 |
_aKonstrukcje budowlane _xbezpieczeństwo |
|
| 700 | 1 | _aJarosz, Tadeusz. | |
| 830 | 1 | _aProblematyka Budownictwa | |
| 040 | _cBPK | ||
| 041 | _apol | ||
| 080 | _a624+69:614.8 | ||
| 942 | _cKS | ||
| 008 | s pl f |000 0 pol | ||
| 999 |
_c17688 _d17688 |
||
| 856 |
_uhttp://koha.tu.koszalin.pl/cgi-bin/koha/opac-detail.pl?biblionumber=17688 _yKatalog online BPK |
||